| 000 | 01293 a2200349 4500 | ||
|---|---|---|---|
| 999 |
_c200422493 _d39518 |
||
| 001 | 200422493 | ||
| 003 | TR-AnTOB | ||
| 005 | 20240809103059.0 | ||
| 008 | 150722s2008 xxu 000 0 | ||
| 035 | _a(OCoLC)227015927 | ||
| 035 | _a(OCoLC)ocn227015927 | ||
| 040 |
_aDLC _beng _cDLC _dDLC _dTR-AnTOB |
||
| 041 | _aeng | ||
| 050 | 4 |
_aHC59.7 _b.G765 2008 |
|
| 090 | _aHC59.7 .G765 2008 | ||
| 245 | 0 | 4 |
_aThe growth report : _bstrategies for sustained growth and inclusive development / _cCommission on Growth and Development. |
| 264 | 1 |
_aWashington DC : _bWorld Bank on behalf of the Commission on Growth and Development, _c[2008] |
|
| 264 | 4 | _c©2008 | |
| 300 |
_axiii, 180 pages : _billustrations (chiefly color), color map ; _c28 cm. |
||
| 336 |
_2rdacontent _atext _btxt |
||
| 337 |
_2rdamedia _aunmediated _bn |
||
| 338 |
_2rdacarrier _avolume _bnc |
||
| 504 | _aIncludes bibliographical references. | ||
| 590 | _aDünya Bankası / TEPAV tarafından bağışlanmıştır. | ||
| 650 | 0 |
_aEconomic development _zDeveloping countries _919238 |
|
| 651 | 0 |
_aDeveloping countries _xEconomic policy _91090 |
|
| 710 | 2 |
_aCommission on Growth and Development _9107936 |
|
| 710 | 2 |
_aWorld Bank _919811 |
|
| 942 |
_cBK _2lcc |
||